Development, violence and peace: a conceptual exploration /
Uloženo v:
| Hlavní autor: | |
|---|---|
| Médium: | Text |
| Témata: | |
| Tagy: |
Přidat tag
Žádné tagy, Buďte první, kdo vytvoří štítek k tomuto záznamu!
|
MARC
| LEADER | 00000 a a2200000 04500 | ||
|---|---|---|---|
| 001 | 18645 | ||
| 003 | |||
| 040 | |||
| 100 | |a Dower, Nigel | ||
| 245 | |a Development, violence and peace: |b a conceptual exploration / |c Nigel Dower | ||
| 650 | |a DESARROLLO | ||
| 650 | |a VIOLENCIA | ||
| 650 | |a PAZ | ||
| 650 | |a SOCIEDAD | ||
| 650 | |a MEDIO SOCIAL | ||
| 650 | |a ETICA | ||
| 650 | |a TEORIA | ||
| 650 | |a CULTURA | ||
| 650 | |a VALORES SOCIALES | ||
| 650 | |a DERECHOS HUMANOS | ||
| 773 | |g volumen 11, número 2; páginas 44-64 | ||
| 999 | |c 36667 |d 36667 | ||
